[Event "Sachsen-Anhalt Landesliga B 18/19"]
[Site "Sachsen Anhalt"]
[Date "2018.11.11"]
[Round "3.1"]
[White "Enigk, Frank"]
[Black "Weder, Axel"]
[Result "1/2-1/2"]
[WhiteElo "2249"]
[BlackElo "2040"]
[PlyCount "62"]
[EventDate "2018.09.23"]
[EventType "team-tourn"]
[EventRounds "9"]
[EventCountry "GER"]
[SourceTitle "EXT 2022"]
[Source "ChessBase"]
[SourceDate "2021.10.06"]
[SourceVersion "1"]
[SourceVersionDate "2021.10.06"]
[SourceQuality "1"]
[WhiteTeam "Piesteritz Gruen-Weiss"]
[BlackTeam "Dessau II"]
[WhiteTeamCountry "GER"]
[BlackTeamCountry "GER"]

1. Nf3 g6 2. d4 Bg7 3. c4 c5 4. Nc3 cxd4 5. Nxd4 Qb6 6. Nc2 Nc6 7. e4 Nf6 8. Be2 d6 9. 0-0 Bd7 10. b3 h5 11. Be3 Qa5 12. Bd2 h4 13. Rc1 h3 14. g3 Rc8 15. Na4 Qc7 16. f3 Rh5 17. Nc3 Ne5 18. Be3 g5 19. Nd4 a6 20. Qd2 g4 21. f4 Nc6 22. Nd5 Qd8 23. Nxf6+ Bxf6 24. Nf5 Rxf5 25. exf5 Bxf5 26. Rfd1 Qc7 27. Bd3 Nd4 28. Bxd4 Bxd4+ 29. Kf1 Qc6 30. Bxf5 Qh1+ 31. Ke2 Qf3+ 1/2-1/2

[Event "GER-ch 72nd"]
[Site "Heringsdorf"]
[Date "2000.11.22"]
[Round "6"]
[White "Enigk, Frank"]
[Black "Riegler, Dieter"]
[Result "1-0"]
[WhiteElo "2195"]
[BlackElo "2194"]
[PlyCount "101"]
[EventDate "2000.11.17"]
[EventType "swiss"]
[EventRounds "9"]
[EventCountry "GER"]
[SourceTitle "CBM 080"]
[Source "ChessBase"]
[SourceDate "2001.01.25"]
[SourceVersion "1"]
[SourceVersionDate "2001.01.25"]
[SourceQuality "1"]

1. c4 g6 2. Nc3 Bg7 3. e4 d6 4. d4 Nf6 5. Be2 0-0 6. Bg5 Na6 7. Qd2 Qe8 8. f3 e5 9. d5 Nh5 10. Bd3 Nf4 11. g3 Nxd3+ 12. Qxd3 Nc5 13. Qd2 f5 14. Be3 a6 15. h3 Qf7 16. 0-0-0 Bd7 17. Rh2 Na4 18. Nxa4 Bxa4 19. b3 Bd7 20. Rf2 Qe7 21. Bg5 Bf6 22. Bxf6 Rxf6 23. Rdf1 b5 24. cxb5 axb5 25. g4 c5 26. Ne2 f4 27. g5 Rf7 28. h4 b4 29. Kb1 Bb5 30. Rh1 Ra3 31. Nc1 Rf8 32. h5 Be8 33. hxg6 Bxg6 34. Rg2 Rfa8 35. Qe2 Qb7 36. Rh6 Qa6 37. Qf2 Qa7 38. Rgh2 Qg7 39. Qh4 R8a7 40. Qh3 Qf7 41. Qc8+ Kg7 42. Nd3 Ra8 43. Qh3 Kg8 44. Rc2 Qe7 45. Rxg6+ hxg6 46. Rh2 Qg7 47. Qe6+ Kf8 48. Qxd6+ Ke8 49. Qxe5+ Qxe5 50. Nxe5 R3a6 51. Nc4 1-0

[Event "GER-ch 72nd"]
[Site "Heringsdorf"]
[Date "2000.11.19"]
[Round "3"]
[White "Glienke, Manfred"]
[Black "Enigk, Frank"]
[Result "0-1"]
[WhiteElo "2348"]
[BlackElo "2195"]
[PlyCount "149"]
[EventDate "2000.11.17"]
[EventType "swiss"]
[EventRounds "9"]
[EventCountry "GER"]
[SourceTitle "CBM 080"]
[Source "ChessBase"]
[SourceDate "2001.01.25"]
[SourceVersion "1"]
[SourceVersionDate "2001.01.25"]
[SourceQuality "1"]

1. Nf3 Nf6 2. d4 e6 3. Bg5 d5 4. c4 Be7 5. Nc3 h6 6. Bh4 0-0 7. e3 b6 8. Bxf6 Bxf6 9. cxd5 exd5 10. Be2 Bb7 11. b4 c6 12. 0-0 Be7 13. Qb3 Qd6 14. Rab1 Nd7 15. Rfd1 a5 16. b5 c5 17. Rd2 c4 18. Qc2 f5 19. Rbd1 Rad8 20. Bf1 Qe6 21. g3 Bb4 22. Re2 Nf6 23. Ne5 Ne4 24. Nb1 Bd6 25. f3 Ng5 26. f4 Bxe5 27. fxe5 Nf3+ 28. Kh1 Ng5 29. Nc3 Ne4 30. Bg2 Qd7 31. Rb1 Bc8 32. Ree1 Qe7 33. Na4 Qe6 34. Nc3 Qe7 35. Na4 Qc7 36. Kg1 Be6 37. Rf1 Qb7 38. Nc3 Qe7 39. Qb2 Ra8 40. Na4 Rab8 41. a3 Rf7 42. Nc3 Kf8 43. Rf4 Kg8 44. Rbf1 Rbf8 45. Kh1 Qd7 46. Na4 Qc7 47. Nc3 Qd7 48. Na4 g5 49. R4f3 Qc7 50. Nc3 Qd7 51. Na4 Qd8 52. Nc3 Rc7 53. Kg1 Qd7 54. g4 f4 55. h3 Nxc3 56. Qxc3 Qxb5 57. exf4 Rxf4 58. Rxf4 gxf4 59. Qc2 Kg7 60. Rxf4 Rf7 61. Rxf7+ Bxf7 62. Qf5 Qc6 63. g5 c3 64. gxh6+ Qxh6 65. Kh2 b5 66. Bf1 Be6 67. Qf3 c2 68. Qg2+ Qg6 69. Qd2 b4 70. axb4 axb4 71. Bd3 Qxd3 72. Qxd3 c1Q 73. Qg3+ Kf7 74. Qh4 Qc2+ 75. Kh1 0-1

[Event "GER-ch 72nd"]
[Site "Heringsdorf"]
[Date "2000.11.17"]
[Round "1"]
[White "Meins, Gerlef"]
[Black "Enigk, Frank"]
[Result "1-0"]
[WhiteElo "2426"]
[BlackElo "2195"]
[PlyCount "85"]
[EventDate "2000.11.17"]
[EventType "swiss"]
[EventRounds "9"]
[EventCountry "GER"]
[SourceTitle "CBM 080"]
[Source "ChessBase"]
[SourceDate "2001.01.25"]
[SourceVersion "1"]
[SourceVersionDate "2001.01.25"]
[SourceQuality "1"]

1. d4 Nf6 2. c4 e6 3. g3 Bb4+ 4. Bd2 Qe7 5. Bg2 Nc6 6. Nf3 Bxd2+ 7. Nbxd2 d6 8. e4 e5 9. d5 Nb8 10. b4 a5 11. a3 0-0 12. 0-0 axb4 13. axb4 Rxa1 14. Qxa1 Na6 15. Qc3 Re8 16. Ra1 g6 17. Bf1 Nh5 18. c5 dxc5 19. Bxa6 cxb4 20. Qxe5 Qxe5 21. Nxe5 Rxe5 22. f4 Re8 23. Bc4 Nf6 24. e5 Nd7 25. Ne4 Kf8 26. Rc1 Nb6 27. Nf6 Rd8 28. Nxh7+ Ke7 29. Nf6 Bd7 30. Bb3 Rc8 31. Rxc7 Rxc7 32. d6+ Kd8 33. dxc7+ Kxc7 34. Bxf7 Ba4 35. Bxg6 b3 36. h4 Nc4 37. h5 Ne3 38. h6 b2 39. h7 Bc2 40. Bxc2 Nxc2 41. Nd5+ Kc6 42. Nc3 Nd4 43. Kf2 1-0

[Event "Oberliga Ost A 9798"]
[Site "Germany"]
[Date "1998.??.??"]
[Round "?.3"]
[White "Becker, Michael"]
[Black "Enigk, Frank"]
[Result "1-0"]
[WhiteElo "2295"]
[BlackElo "2220"]
[PlyCount "89"]
[EventDate "1997.09.??"]
[EventType "team-tourn"]
[EventRounds "11"]
[EventCountry "GER"]
[SourceTitle "EXT 1999"]
[Source "ChessBase"]
[SourceDate "1998.11.16"]
[SourceVersion "1"]
[SourceVersionDate "1998.11.16"]
[SourceQuality "1"]

1. e4 e5 2. Nc3 d6 3. Bc4 Nf6 4. d3 Be7 5. f4 c6 6. Nf3 exf4 7. Bxf4 0-0 8. Bb3 b5 9. 0-0 Nbd7 10. Nd4 Ne5 11. Kh1 Qb6 12. Bxe5 dxe5 13. Nf5 Qc7 14. Qe1 g6 15. Nxe7+ Qxe7 16. Qh4 Kg7 17. a4 b4 18. Nd1 Be6 19. Bxe6 Qxe6 20. b3 Nd7 21. Ne3 Rae8 22. Rf3 Qe7 23. Qf2 Nc5 24. Ng4 Ne6 25. Nf6 Rd8 26. Qh4 Rh8 27. Raf1 Nf4 28. Nh5+ Kf8 29. Qxe7+ Kxe7 30. Nxf4 exf4 31. Rxf4 Rhf8 32. Rf6 c5 33. Ra6 Rd7 34. Rc6 f5 35. exf5 Rd5 36. f6+ Kd7 37. Ra6 Re5 38. Rxa7+ Kd6 39. h3 Re2 40. f7 Rxc2 41. Re1 Rf2 42. Ree7 Kd5 43. Kg1 Rf5 44. Rad7+ Kc6 45. d4 1-0

[Event "Oberliga Ost A 9798"]
[Site "Germany"]
[Date "1998.??.??"]
[Round "?.3"]
[White "Schubert, Ralf"]
[Black "Enigk, Frank"]
[Result "1-0"]
[WhiteElo "2100"]
[BlackElo "2220"]
[PlyCount "61"]
[EventDate "1997.09.??"]
[EventType "team-tourn"]
[EventRounds "11"]
[EventCountry "GER"]
[SourceTitle "EXT 1999"]
[Source "ChessBase"]
[SourceDate "1998.11.16"]
[SourceVersion "1"]
[SourceVersionDate "1998.11.16"]
[SourceQuality "1"]

1. d4 g6 2. e4 Bg7 3. f4 d6 4. Nf3 Nf6 5. Bd3 0-0 6. 0-0 Na6 7. c3 c5 8. e5 Nd7 9. Ng5 Nc7 10. exd6 exd6 11. dxc5 Nxc5 12. f5 h6 13. fxg6 hxg5 14. gxf7+ Rxf7 15. Bh7+ Kf8 16. Rxf7+ Kxf7 17. Qh5+ Kf8 18. Bxg5 Qe8 19. Qh4 N7e6 20. Nd2 Nxg5 21. Qxg5 Be6 22. Rf1+ Bf7 23. Bg6 Ne6 24. Qh5 Nd8 25. Ne4 Rc8 26. Nxd6 Qe3+ 27. Kh1 Rc7 28. Nxf7 Nxf7 29. Bxf7 Bf6 30. Bb3 Kg7 31. Bc2 1-0

[Event "Oberliga Ost A 9798"]
[Site "Germany"]
[Date "1997.??.??"]
[Round "?.3"]
[White "Neidig, Stefan"]
[Black "Enigk, Frank"]
[Result "1/2-1/2"]
[WhiteElo "2250"]
[BlackElo "2220"]
[PlyCount "49"]
[EventDate "1997.09.??"]
[EventType "team-tourn"]
[EventRounds "11"]
[EventCountry "GER"]
[SourceTitle "EXT 1999"]
[Source "ChessBase"]
[SourceDate "1998.11.16"]
[SourceVersion "1"]
[SourceVersionDate "1998.11.16"]
[SourceQuality "1"]

1. c4 g6 2. Nc3 Bg7 3. d4 d6 4. e4 c6 5. Be3 Qc7 6. h3 Nd7 7. Nf3 Ngf6 8. Be2 e5 9. 0-0 0-0 10. Qd2 Re8 11. d5 c5 12. Nh2 a6 13. a3 Nf8 14. b4 b6 15. bxc5 bxc5 16. Rfb1 Bd7 17. Rb3 Rab8 18. Rab1 Rxb3 19. Rxb3 Rb8 20. Qb2 Rxb3 21. Qxb3 h6 22. Ng4 Nxg4 23. hxg4 Kh7 24. f3 Bf6 25. Bd3 1/2-1/2

[Event "GER-ch 68th"]
[Site "Dudweiler"]
[Date "1996.??.??"]
[Round "8"]
[White "Enigk, Frank"]
[Black "Hetey, Laszlo"]
[Result "1/2-1/2"]
[WhiteElo "2145"]
[BlackElo "2410"]
[PlyCount "22"]
[EventDate "1996.11.26"]
[EventType "swiss"]
[EventRounds "9"]
[EventCountry "GER"]
[SourceTitle "CBM 055 Extra"]
[Source "ChessBase"]
[SourceDate "1997.01.01"]
[SourceVersion "1"]
[SourceVersionDate "1997.01.01"]
[SourceQuality "1"]

1. d4 Nf6 2. c4 g6 3. Nc3 Bg7 4. Nf3 0-0 5. Bg5 d6 6. e3 Nbd7 7. h3 c6 8. Be2 Qc7 9. 0-0 b6 10. Rc1 Bb7 11. d5 Rac8 1/2-1/2

[Event "GER-ch 68th"]
[Site "Dudweiler"]
[Date "1996.??.??"]
[Round "5"]
[White "Walter, Guenter"]
[Black "Enigk, Frank"]
[Result "1-0"]
[WhiteElo "2275"]
[BlackElo "2145"]
[PlyCount "91"]
[EventDate "1996.11.26"]
[EventType "swiss"]
[EventRounds "9"]
[EventCountry "GER"]
[SourceTitle "CBM 055 Extra"]
[Source "ChessBase"]
[SourceDate "1997.01.01"]
[SourceVersion "1"]
[SourceVersionDate "1997.01.01"]
[SourceQuality "1"]

1. d4 Nf6 2. Nf3 e6 3. Bf4 c5 4. e3 b6 5. Bd3 Bb7 6. Nbd2 Nc6 7. c3 Be7 8. h3 0-0 9. 0-0 a6 10. Qe2 Nd5 11. Bh2 cxd4 12. exd4 f5 13. Nc4 f4 14. Qc2 g6 15. Rfe1 Kg7 16. a3 b5 17. Nce5 Nxe5 18. Nxe5 Bd6 19. Be4 Bxe5 20. dxe5 Qg5 21. Qd2 Rac8 22. Kh1 Rc4 23. f3 h5 24. Bg1 Rfc8 25. Bd4 Ba8 26. Bd3 R4c7 27. a4 Ne7 28. axb5 axb5 29. Bxb5 Nf5 30. Qf2 Rb8 31. Bf1 Bd5 32. b4 Nxd4 33. Qxd4 Qg3 34. b5 g5 35. c4 Bb7 36. b6 Rc6 37. c5 g4 38. Re2 gxf3 39. gxf3 Qxf3+ 40. Rg2+ Kh6 41. Kh2 Qe3 42. Qxe3 fxe3 43. Bd3 Rxc5 44. Rg6+ Kh7 45. Rag1 Rd5 46. Rg7+ 1-0